000
00331nam a2200145Ia 4500
008
210210b1913 xxu||||| |||| 00| 0 eng d
041
_a
eng
082
_a
823/69
100
_a
SHAKESPEARE (William)
245
_a
Hamlet
260
_a
London
_b
John Murray
_c
1913
650
_a
Hamlet
690
_a
English Drama
906
_a
013621
999
_c
132633
_d
132633